Большой Донбасс: доклад на заседании, посвященном 50-летию геолого-разведочной службы СССР

Dades bibliogràfiques
Autor principal: Степанов П. И.
Idioma:rus
Publicat: Ленинград, Георазведиздат, 1932
Matèries:
Format: MixedMaterials Llibre
KOHA link:https://koha.lib.tpu.ru/cgi-bin/koha/opac-detail.pl?biblionumber=318115

MARC

LEADER 00000nam0a2200000 4500
001 318115
005 20231102003038.0
035 |a (RuTPU)RU\TPU\book\343596 
090 |a 318115 
100 |a 20160420d1932 km y0rusy50 ca 
101 0 |a rus 
102 |a RU 
105 |a ab z 010zy 
200 1 |a Большой Донбасс  |e доклад на заседании, посвященном 50-летию геолого-разведочной службы СССР  |f П. И. Степанов 
210 |a Ленинград  |a Москва  |c Георазведиздат  |d 1932 
215 |a 32 с.  |c ил., карты 
606 1 |a Угольные месторождения  |y СССР  |2 stltpush  |3 (RuTPU)RU\TPU\subj\72130  |9 85716 
610 1 |a Донецкий бассейн 
610 1 |a уголь 
610 1 |a поиски 
610 1 |a разведка 
610 1 |a добыча 
610 1 |a угольная промышленность 
675 |a 553.94(47+57)  |v 4 
700 1 |a Степанов  |b П. И. 
801 1 |a RU  |b 63413507  |c 20160420 
801 2 |a RU  |b 63413507  |c 20200910  |g RCR 
942 |c BK